<?xml version="1.0" encoding="UTF-8"?>
<record
    xmlns:xsi="http://www.w3.org/2001/XMLSchema-instance"
    xsi:schemaLocation="http://www.loc.gov/MARC21/slim http://www.loc.gov/standards/marcxml/schema/MARC21slim.xsd"
    xmlns="http://www.loc.gov/MARC21/slim">

  <leader>00945nam a22002417a 4500</leader>
  <controlfield tag="005">20100820143729.0</controlfield>
  <controlfield tag="008">090109t        xxu||||| |||| 00| 0urd d</controlfield>
  <datafield tag="010" ind1=" " ind2=" ">
    <subfield code="a"> UR-7805</subfield>
  </datafield>
  <datafield tag="020" ind1=" " ind2=" ">
    <subfield code="c">30.00</subfield>
  </datafield>
  <datafield tag="035" ind1=" " ind2=" ">
    <subfield code="a">U-6360</subfield>
  </datafield>
  <datafield tag="040" ind1=" " ind2=" ">
    <subfield code="a">dpl</subfield>
    <subfield code="b">urd</subfield>
  </datafield>
  <datafield tag="082" ind1=" " ind2=" ">
    <subfield code="a">279.3</subfield>
  </datafield>
  <datafield tag="100" ind1=" " ind2=" ">
    <subfield code="9">12785</subfield>
  </datafield>
  <datafield tag="245" ind1=" " ind2=" ">
    <subfield code="a">&#x627;&#x648;&#x644;&#x6CC;&#x627;&#x626;&#x6D2;&#x6C1;&#x646;&#x62F;&#x648;&#x67E;&#x627;&#x6A9;&#x633;&#x62A;&#x627;&#x646; &#x6A9;&#x6CC; &#x627;&#x646;&#x633;&#x627;&#x646;&#x6CC; &#x62A;&#x639;&#x644;&#x6CC;&#x645;&#x627;&#x62A; /</subfield>
    <subfield code="c">&#x627;&#x646;&#x648;&#x631;&#x62F;&#x6C1;&#x644;&#x648;&#x6CC;&#x60C; &#x645;&#x631;&#x62A;&#x628;&#x6C1;</subfield>
  </datafield>
  <datafield tag="246" ind1=" " ind2=" ">
    <subfield code="a">Auliyae Hind-o-Pakistan ki Insani Talimaat /</subfield>
    <subfield code="b">compiled by Anwar Dehlwi</subfield>
  </datafield>
  <datafield tag="260" ind1=" " ind2=" ">
    <subfield code="a">&#x62F;&#x6C1;&#x644;&#x6CC;</subfield>
    <subfield code="c">2001</subfield>
    <subfield code="b">&#x627;&#x646;&#x648;&#x631;&#x628;&#x6A9; &#x688;&#x67E;&#x648;</subfield>
  </datafield>
  <datafield tag="270" ind1=" " ind2=" ">
    <subfield code="a">A/419, Matia Mahal, Jama Masjid</subfield>
    <subfield code="b">Delhi</subfield>
    <subfield code="e">110006</subfield>
  </datafield>
  <datafield tag="300" ind1=" " ind2=" ">
    <subfield code="a">144 &#x635; </subfield>
    <subfield code="c">22  &#x633; &#x645; (Pbk)</subfield>
  </datafield>
  <datafield tag="650" ind1=" " ind2=" ">
    <subfield code="2">critisim</subfield>
    <subfield code="9">12786</subfield>
  </datafield>
  <datafield tag="700" ind1=" " ind2=" ">
    <subfield code="9">13044</subfield>
    <subfield code="a">&#x633;&#x627;&#x644;&#x6A9; &#x62F;&#x6BE;&#x627;&#x644;&#x648;&#x6CC;</subfield>
  </datafield>
  <datafield tag="942" ind1=" " ind2=" ">
    <subfield code="2">ddc</subfield>
    <subfield code="c">UR</subfield>
    <subfield code="h">270.3</subfield>
    <subfield code="m">&#x627; &#x646; &#x648;</subfield>
  </datafield>
  <datafield tag="999" ind1=" " ind2=" ">
    <subfield code="c">42719</subfield>
    <subfield code="d">42719</subfield>
  </datafield>
  <datafield tag="952" ind1=" " ind2=" ">
    <subfield code="0">0</subfield>
    <subfield code="1">0</subfield>
    <subfield code="2">ddc</subfield>
    <subfield code="4">0</subfield>
    <subfield code="7">1</subfield>
    <subfield code="8">NFIC</subfield>
    <subfield code="a">DBAD</subfield>
    <subfield code="b">DBAD</subfield>
    <subfield code="d">2010-08-20</subfield>
    <subfield code="e">DBAD/PUB</subfield>
    <subfield code="g">30.00</subfield>
    <subfield code="l">0</subfield>
    <subfield code="o">279.3 &#x627; &#x646; &#x648;</subfield>
    <subfield code="p">U-6360</subfield>
    <subfield code="r">2010-08-20 00:00:00</subfield>
    <subfield code="t">1</subfield>
    <subfield code="v">30.00</subfield>
    <subfield code="y">UR</subfield>
  </datafield>
</record>
